Movies Quiz

Random Movies or Alphabet Quiz

Top Grossing 'A' Movies Quiz Stats

 Plays Quiz Updated Jan 4, 2020

     
Support Sporcle.
Go Orange.
Score 0/21 Timer 05:00
5 Plays Today
% Correct
Avatar
98.6%
Aladdin (2019)
96.4%
The Avengers
96.3%
Alvin and the Chipmunks
94.8%
Alice in Wonderland (2010)
93.9%
Aladdin (1992)
92.4%
Aquaman
91.7%
The Amazing Spider-Man
88.8%
Avengers: Infinity War
87.4%
Avengers: Age of Ultron
86.8%
The Amazing Spider-Man 2
83.2%
% Correct
Avengers: Endgame
82.1%
Alvin and the Chipmunks: The Squeakquel
79.7%
Ant-Man
79.4%
American Beauty
77.3%
Ant-Man and the Wasp
72.9%
American Sniper
71%
Armageddon
70.4%
Angels & Demons
68%
Alita: Battle Angel
42.3%
The Adventures of Tintin
35.5%

From the Vault

Disney's Beauty and the Beast Characters

by Stevenb1987

Movies 5m
Just try to be a polite guest.
Remove Ads.
Support Sporcle.
Get the best of Sporcle when you Go Orange. This ad-free experience offers more features, more stats, and more fun while also helping to support Sporcle. Thank you for becoming a member.

Show Comments

Extras

Top Quizzes Today


Score Distribution

Your Account Isn't Verified!

In order to create a playlist on Sporcle, you need to verify the email address you used during registration. Go to your Sporcle Settings to finish the process.

Report this User

Report this user for behavior that violates our Community Guidelines.

Details: